[Event "NAYCC U12"]
[Site "Kingston CAN"]
[Date "2019.08.17"]
[Round "4.62"]
[White "Mundayat, Abinav"]
[Black "Liang, Jason"]
[Result "0-1"]
[WhiteElo "2081"]
[BlackElo "2250"]
[PlyCount "80"]
[EventDate "2019.08.16"]
[EventType "swiss"]
[EventRounds "9"]
[EventCountry "CAN"]

1. e4 e5 2. Nf3 Nc6 3. Bb5 Nf6 4. d3 Bc5 5. c3 O-O 6. O-O d6 7. h3 Ne7 8. Re1
Ng6 9. Be3 Bb6 10. Nbd2 c6 11. Ba4 Re8 12. Nf1 Nh5 13. Bc2 Nhf4 14. Ng3 Qf6 15.
d4 Nh4 16. Nxh4 Qxh4 17. Bxf4 Qxf4 18. Re3 Be6 19. Rf3 Qh4 20. d5 cxd5 21. exd5
Bd7 22. Ne4 f5 23. Nxd6 e4 24. Nxf5 Bxf5 25. Rxf5 g6 26. d6 gxf5 27. Bb3+ Kh8
28. d7 Qxf2+ 29. Kh1 Rg8 30. Bxg8 Rxg8 31. Qf1 e3 32. Qxf2 exf2 33. Rd1 Rd8 34.
g3 Rxd7 35. Rf1 Rd2 36. Kg2 Rxb2 37. Kf3 Rxa2 38. Kf4 Re2 39. Kf3 Re1 40. Kg2
a5 0-1

[Event "NAYCC U12"]
[Site "Kingston CAN"]
[Date "2019.08.17"]
[Round "4.63"]
[White "Zhong, Kevin"]
[Black "Latorre, Vincent"]
[Result "1-0"]
[WhiteElo "2215"]
[BlackElo "1859"]
[PlyCount "57"]
[EventDate "2019.08.16"]
[EventType "swiss"]
[EventRounds "9"]
[EventCountry "CAN"]

1. e4 c5 2. Ne2 Nc6 3. Nbc3 g6 4. g3 Bg7 5. Bg2 e6 6. d3 Nge7 7. Bg5 h6 8. Be3
d6 9. d4 cxd4 10. Nxd4 a6 11. O-O O-O 12. Qd2 Kh7 13. f4 Qc7 14. Rad1 Rd8 15.
g4 f5 16. gxf5 gxf5 17. exf5 exf5 18. Kh1 Na5 19. b3 Bd7 20. Rg1 Rac8 21. Nd5
Nxd5 22. Bxd5 Re8 23. Rxg7+ Kxg7 24. Qg2+ Kf6 25. Rg1 Ke7 26. Qg7+ Kd8 27. Qf6+
Re7 28. Rg8+ Be8 29. Ne6+ 1-0

[Event "NAYCC U12"]
[Site "Kingston CAN"]
[Date "2019.08.17"]
[Round "4.64"]
[White "Cheung, Ryan"]
[Black "Ajith, Aayush"]
[Result "1/2-1/2"]
[WhiteElo "2090"]
[BlackElo "1847"]
[PlyCount "48"]
[EventDate "2019.08.16"]
[EventType "swiss"]
[EventRounds "9"]
[EventCountry "CAN"]

1. e4 c5 2. Nc3 Nc6 3. g3 g6 4. Bg2 Bg7 5. d3 d6 6. Nh3 e6 7. Be3 Nge7 8. O-O
O-O 9. Qd2 Nd4 10. f4 f5 11. Nd1 Qc7 12. c3 Ndc6 13. Ndf2 Bd7 14. Ng5 h6 15.
Nf3 Rae8 16. Rad1 b5 17. d4 c4 18. d5 exd5 19. exd5 Nb8 20. Bd4 Na6 21. Rfe1
Nc5 22. Bxg7 Kxg7 23. Nd4 Nc8 24. b4 Na4 1/2-1/2

[Event "NAYCC U12"]
[Site "Kingston CAN"]
[Date "2019.08.17"]
[Round "4.66"]
[White "Vidyarthi, Vyom"]
[Black "Padhye, Rohan"]
[Result "1-0"]
[WhiteElo "2205"]
[BlackElo "2007"]
[PlyCount "85"]
[EventDate "2019.08.16"]
[EventType "swiss"]
[EventRounds "9"]
[EventCountry "CAN"]

1. d4 d5 2. Bf4 c5 3. e3 Nc6 4. c3 Nf6 5. Nd2 Bf5 6. Qb3 Qc8 7. Bb5 c4 8. Qd1
a6 9. Bxc6+ Qxc6 10. Ngf3 h6 11. Ne5 Qc8 12. b3 b5 13. bxc4 dxc4 14. Qf3 g5 15.
Bg3 g4 16. Qe2 Ne4 17. Nxe4 Bxe4 18. f3 gxf3 19. gxf3 Bb7 20. e4 h5 21. Rg1 Qh3
22. a4 Rh6 23. axb5 axb5 24. Rxa8+ Bxa8 25. Qb2 Bc6 26. d5 Bd7 27. Qa2 f6 28.
Qa8+ Bc8 29. Qc6+ Bd7 30. Qa8+ Bc8 31. Ng4 hxg4 32. Qxc8+ Kf7 33. Qe6+ Kg7 34.
Qxg4+ Qxg4 35. fxg4 Kf7 36. Ke2 f5 37. gxf5 Bg7 38. e5 Rb6 39. e6+ Kf8 40. Ra1
Bxc3 41. Ra8+ Kg7 42. d6 Ba5 43. dxe7 1-0

[Event "NAYCC U12"]
[Site "Kingston CAN"]
[Date "2019.08.17"]
[Round "4.67"]
[White "Bocan, Richard"]
[Black "Xu, Arthur"]
[Result "0-1"]
[WhiteElo "1601"]
[BlackElo "2176"]
[PlyCount "90"]
[EventDate "2019.08.16"]
[EventType "swiss"]
[EventRounds "9"]
[EventCountry "CAN"]

1. d4 d5 2. c4 e6 3. Nc3 Nf6 4. cxd5 exd5 5. Bg5 Be7 6. e3 c6 7. Bd3 Nbd7 8.
Qc2 Nh5 9. Bxe7 Qxe7 10. Be2 Nhf6 11. Nf3 O-O 12. O-O Re8 13. Bd3 Nb6 14. Ne5
c5 15. a3 c4 16. Bf5 g6 17. Bxc8 Raxc8 18. Rfe1 Nfd7 19. Nxd7 Qxd7 20. a4 Rc6
21. a5 Nc8 22. Qa4 Ne7 23. Nb5 a6 24. Nc3 f5 25. f4 Kg7 26. Qb4 Re6 27. Na4 Nc6
28. Qc3 Qe7 29. Kf2 Qh4+ 30. Kg1 g5 31. Nc5 Rh6 32. h3 g4 33. hxg4 fxg4 34. Kf1
Qg3 35. Ke2 Qxg2+ 36. Kd1 Qf3+ 37. Kc1 Rh1 38. Kd2 Rh2+ 39. Kc1 g3 40. Kb1 g2
41. Qd2 Rxe3 42. Ka2 Rxe1 43. Rxe1 Rh1 44. Nxb7 Qb3+ 45. Kb1 g1=Q 0-1

[Event "NAYCC U12"]
[Site "Kingston CAN"]
[Date "2019.08.17"]
[Round "4.68"]
[White "He, Samuel"]
[Black "Li, Thomas"]
[Result "0-1"]
[WhiteElo "1568"]
[BlackElo "1923"]
[PlyCount "100"]
[EventDate "2019.08.16"]
[EventType "swiss"]
[EventRounds "9"]
[EventCountry "CAN"]

1. e4 c5 2. c3 Nf6 3. e5 Nd5 4. d4 cxd4 5. cxd4 e6 6. Nc3 d6 7. exd6 Bxd6 8.
Nxd5 exd5 9. Bb5+ Nc6 10. Nf3 Qa5+ 11. Qd2 Qxb5 12. Qe3+ Be6 13. a4 Qb6 14. O-O
O-O 15. Qd3 g6 16. Bh6 Rfe8 17. h3 Bf5 18. Qd2 Qb4 19. Qg5 Nxd4 20. Nxd4 Qxd4
21. Rfd1 Qe5 22. g3 Bxh3 23. Qxe5 Rxe5 24. f4 Rh5 25. Bg5 Bc5+ 26. Kh2 Bg4+ 27.
Kg2 Bxd1 28. Rxd1 Rxg5 29. fxg5 d4 30. b4 Bxb4 31. Rxd4 a5 32. Rd7 b6 33. Kf3
Re8 34. Rd4 Bc5 35. Rc4 Re6 36. Kf4 Be3+ 37. Kg4 Re5 38. Rc3 Rxg5+ 39. Kf3 Bc5
40. g4 h5 41. gxh5 Rxh5 42. Kg4 Rf5 43. Rd3 Kg7 44. Rd7 Be3 45. Kg3 Rf4 46. Rd3
Bc1 47. Rc3 Bb2 48. Rb3 Rb4 49. Rxb4 axb4 50. Kf3 b3 0-1

[Event "NAYCC U12"]
[Site "Kingston CAN"]
[Date "2019.08.17"]
[Round "4.69"]
[White "Tu, Lawrence"]
[Black "Liu, Joshua"]
[Result "0-1"]
[WhiteElo "1919"]
[BlackElo "1562"]
[PlyCount "78"]
[EventDate "2019.08.16"]
[EventType "swiss"]
[EventRounds "9"]
[EventCountry "CAN"]

1. c4 e5 2. Nc3 Nf6 3. Nf3 Nc6 4. g3 Bb4 5. Bg2 d6 6. O-O O-O 7. d4 e4 8. Ng5
Bxc3 9. bxc3 d5 10. cxd5 Qxd5 11. f3 exf3 12. Nxf3 Qc4 13. Bb2 Bg4 14. Re1 Rfe8
15. Qc2 Bxf3 16. Bxf3 Nxd4 17. Qd2 Nxf3+ 18. exf3 Qc5+ 19. Kg2 Nd5 20. Kh1 Ne3
21. Re2 Nc4 22. Qe1 Qc6 23. Qf2 Rxe2 24. Qxe2 Re8 25. Qf2 Nxb2 26. Qxb2 Qxf3+
27. Qg2 Qxc3 28. Rf1 Re1 29. Qf2 Qc6+ 30. Kg1 Rxf1+ 31. Qxf1 Qb6+ 32. Kh1 Kf8
33. Qd3 Qc6+ 34. Kg1 g6 35. Qd8+ Kg7 36. Qd4+ Qf6 37. Qe4 Qa1+ 38. Kg2 Qxa2+
39. Kh3 Qe6+ 0-1

[Event "NAYCC U12"]
[Site "Kingston CAN"]
[Date "2019.08.17"]
[Round "4.70"]
[White "Huang, Edison"]
[Black "Zhao, Jeffrey R"]
[Result "0-1"]
[WhiteElo "1653"]
[BlackElo "2117"]
[PlyCount "90"]
[EventDate "2019.08.16"]
[EventType "swiss"]
[EventRounds "9"]
[EventCountry "CAN"]

1. e4 c5 2. d3 e6 3. Nd2 d5 4. g3 Nc6 5. Bg2 Nf6 6. Ngf3 Be7 7. O-O O-O 8. Re1
Qc7 9. Nf1 b5 10. Bf4 Qb6 11. e5 Nd7 12. h4 Bb7 13. N1h2 Rfc8 14. h5 h6 15. Ng4
Bf8 16. Qd2 Kh7 17. Nh4 b4 18. Bh3 a5 19. Nf5 exf5 20. Nxh6 Nd4 21. Bxf5+ Nxf5
22. Nxf5 Qe6 23. Nd6 Bxd6 24. exd6 Qh3 25. Re7 d4 26. f3 Bxf3 27. Qh2 Qxh2+ 28.
Kxh2 Nf6 29. h6 gxh6 30. Rxf7+ Kg6 31. Re7 Nd5 32. Re6+ Kf7 33. Rxh6 Rh8 34.
Rxh8 Rxh8+ 35. Kg1 Rh1+ 36. Kf2 Rxa1 37. Kxf3 Nxf4 38. gxf4 Ke6 39. f5+ Kxd6
40. Ke4 Rxa2 41. b3 Rxc2 42. f6 Ke6 43. f7 Kxf7 44. Kd5 a4 45. bxa4 b3 0-1

[Event "NAYCC U12"]
[Site "Kingston CAN"]
[Date "2019.08.17"]
[Round "4.71"]
[White "He, Matthew"]
[Black "Srinivas, Atharva"]
[Result "1/2-1/2"]
[WhiteElo "1810"]
[BlackElo "1695"]
[PlyCount "65"]
[EventDate "2019.08.16"]
[EventType "swiss"]
[EventRounds "9"]
[EventCountry "CAN"]

1. d4 d5 2. c4 e6 3. Nc3 Nf6 4. cxd5 exd5 5. Bg5 c6 6. e3 Nbd7 7. Bd3 Be7 8.
Qc2 Nf8 9. Nf3 Ne6 10. Bh4 g6 11. h3 Ng7 12. g4 a6 13. Ne5 Nd7 14. Bxe7 Qxe7
15. Nxd7 Bxd7 16. O-O-O h5 17. Na4 O-O-O 18. Nb6+ Kb8 19. Qb3 Ka7 20. Na4 Be6
21. Qb6+ Ka8 22. Rhg1 hxg4 23. hxg4 Rh2 24. Rd2 Rdh8 25. Kc2 R8h4 26. Nc5 Bc8
27. b4 Rh8 28. a4 Qd8 29. Qxd8 Rxd8 30. b5 axb5 31. axb5 Ne6 32. Nxe6 Bxe6 33.
Kb3 1/2-1/2

[Event "NAYCC U12"]
[Site "Kingston CAN"]
[Date "2019.08.17"]
[Round "4.72"]
[White "Srinivasan, Hemant"]
[Black "Hu, Raymond"]
[Result "1-0"]
[WhiteElo "2066"]
[BlackElo "1527"]
[PlyCount "39"]
[EventDate "2019.08.16"]
[EventType "swiss"]
[EventRounds "9"]
[EventCountry "CAN"]

1. d4 Nf6 2. c4 d5 3. cxd5 Nxd5 4. e4 Nf6 5. Nc3 e6 6. Nf3 Bb4 7. Bd3 c5 8. Bg5
Qa5 9. Bd2 Qd8 10. Rc1 a6 11. Bg5 cxd4 12. Nxd4 Be7 13. e5 Nfd7 14. Bxe7 Kxe7
15. Nd5+ exd5 16. Nf5+ Kf8 17. Qg4 Nc6 18. Qxg7+ Ke8 19. Nd6+ Ke7 20. Qxf7# 1-0

[Event "NAYCC U12"]
[Site "Kingston CAN"]
[Date "2019.08.17"]
[Round "4.73"]
[White "Lancman, Kyle"]
[Black "Yuen, Noah"]
[Result "1/2-1/2"]
[WhiteElo "1806"]
[BlackElo "1921"]
[PlyCount "115"]
[EventDate "2019.08.16"]
[EventType "swiss"]
[EventRounds "9"]
[EventCountry "CAN"]

1. e4 c5 2. Nc3 a6 3. f4 b5 4. Nf3 Bb7 5. d3 e6 6. g3 Nf6 7. Bg2 d5 8. e5 Nfd7
9. O-O Nc6 10. Kh1 Nb6 11. Qe2 Be7 12. Bh3 g6 13. Nd1 d4 14. Nf2 Nd5 15. Ne4
Ncb4 16. g4 Ne3 17. Bxe3 dxe3 18. Ne1 c4 19. Qxe3 Bh4 20. Bg2 Bxe4 21. Qxe4 Rc8
22. d4 Bxe1 23. Rfxe1 Qh4 24. h3 h5 25. g5 Qf2 26. Re2 Qg3 27. a3 Nd5 28. Rf1
O-O 29. Rf3 Qh4 30. c3 Ne7 31. Kh2 Rc7 32. Ref2 a5 33. a4 b4 34. Rf1 b3 35. Ra1
Rd8 36. Qe1 Qxe1 37. Rxe1 Kg7 38. Rff1 Nd5 39. Bxd5 Rxd5 40. h4 Re7 41. Kg3 Kf8
42. Kf3 Ke8 43. Ke4 Red7 44. Rf2 Kd8 45. Kf3 Re7 46. Rg2 Kc7 47. Rg3 Kc6 48.
Rg2 Rd8 49. Rd1 Kd5 50. Re2 Rde8 51. Rde1 Rg8 52. Re4 Ra7 53. R4e2 Ra6 54. Re3
Re8 55. R3e2 Rb6 56. Rg2 Ra6 57. Ra1 Rb6 58. Rd1 1/2-1/2

[Event "NAYCC U12"]
[Site "Kingston CAN"]
[Date "2019.08.17"]
[Round "4.74"]
[White "Wu, Benjamin"]
[Black "Liu, Aaron"]
[Result "1-0"]
[WhiteElo "1731"]
[BlackElo "1565"]
[PlyCount "115"]
[EventDate "2019.08.16"]
[EventType "swiss"]
[EventRounds "9"]
[EventCountry "CAN"]

1. e4 e5 2. Nf3 Nc6 3. Bc4 Bc5 4. c3 Nf6 5. d3 d6 6. h3 h6 7. Be3 Bb6 8. Nbd2
O-O 9. b4 d5 10. Bxb6 dxc4 11. Bc5 Qxd3 12. Bxf8 Kxf8 13. b5 Nxe4 14. Nxe4
Qxe4+ 15. Qe2 Qxe2+ 16. Kxe2 Ne7 17. Nxe5 Bf5 18. Nxc4 Nd5 19. Rac1 Re8+ 20.
Ne3 Bg6 21. Rhd1 Nf4+ 22. Kf3 Nd3 23. Ra1 Be4+ 24. Kg3 Re5 25. a4 Rg5+ 26. Kh2
Ke7 27. f3 Bg6 28. Ra2 Re5 29. Ng4 Rc5 30. Re2+ Kf8 31. Re3 Rd5 32. Nf2 Nf4 33.
Rxd5 Nxd5 34. Re5 Nxc3 35. Rc5 Nxa4 36. Rxc7 b6 37. Rxa7 Nc3 38. Rb7 Nxb5 39.
Rxb6 Nd4 40. Ne4 Bxe4 41. fxe4 Ne6 42. Kg3 g6 43. Rxe6 fxe6 44. Kf4 Ke7 45. Ke5
Kf7 46. Kd6 Kf6 47. e5+ Kf5 48. g4+ Kg5 49. Kxe6 Kh4 50. Kf6 Kxh3 51. Kxg6 Kxg4
52. e6 h5 53. e7 h4 54. e8=Q h3 55. Qe1 h2 56. Qh1 Kg3 57. Kg5 Kh3 58. Qf3# 1-0

[Event "NAYCC U12"]
[Site "Kingston CAN"]
[Date "2019.08.17"]
[Round "4.75"]
[White "Zhang, Henry X"]
[Black "Su, Kevin"]
[Result "1-0"]
[WhiteElo "1624"]
[BlackElo "1882"]
[PlyCount "91"]
[EventDate "2019.08.16"]
[EventType "swiss"]
[EventRounds "9"]
[EventCountry "CAN"]

1. e4 e5 2. Nf3 Nc6 3. Bb5 a6 4. Ba4 Nf6 5. O-O Be7 6. Re1 b5 7. Bb3 d6 8. h3
Na5 9. c3 c5 10. d4 Nxb3 11. Qxb3 Qc7 12. Nbd2 O-O 13. Nf1 Be6 14. d5 Bd7 15.
Ng3 Rfb8 16. Qc2 Bf8 17. Bg5 Ne8 18. Nh4 h6 19. Be3 g6 20. Qd2 Kh7 21. Rf1 Qd8
22. Nf3 a5 23. Nh2 Qh4 24. Qe1 Bg7 25. f4 Qe7 26. Nf3 f6 27. f5 g5 28. h4 b4
29. c4 Kg8 30. Kf2 Nc7 31. hxg5 hxg5 32. Rh1 Kf7 33. Qd2 Rh8 34. Nh5 Bh6 35. g4
Rag8 36. Bxc5 dxc5 37. d6 Qd8 38. dxc7 Qxc7 39. Qd5+ Ke7 40. Nxf6 Kxf6 41.
Rxh6+ Rxh6 42. Qxg8 Qd6 43. Qxg5+ Kf7 44. Qe3 Rh3 45. Ng5+ Kg7 46. Nxh3 1-0

[Event "NAYCC U12"]
[Site "Kingston CAN"]
[Date "2019.08.17"]
[Round "4.76"]
[White "Sloan, Jed"]
[Black "Zhou, Johnson"]
[Result "1-0"]
[WhiteElo "1942"]
[BlackElo "1409"]
[PlyCount "89"]
[EventDate "2019.08.16"]
[EventType "swiss"]
[EventRounds "9"]
[EventCountry "CAN"]

1. e4 e6 2. d3 d5 3. Nd2 Nf6 4. Ngf3 c5 5. g3 Nc6 6. Bg2 Be7 7. O-O O-O 8. e5
Nd7 9. Re1 b6 10. Nf1 Bb7 11. h4 h6 12. h5 f6 13. exf6 Rxf6 14. Bh3 e5 15. Nh4
Qc7 16. Ne3 Nd8 17. Qg4 Nf8 18. Nef5 Nfe6 19. Bxh6 Rf7 20. Bd2 Bxh4 21. Nh6+
Kf8 22. Nxf7 Qxf7 23. Qxh4 Nd4 24. Bg4 Bc8 25. Bd1 N8c6 26. h6 gxh6 27. Qxh6+
Ke7 28. Bg5+ Kd7 29. Qf6 Qh7 30. c3 Ne6 31. Bg4 Kd6 32. f4 Qxd3 33. fxe5+ Kc7
34. Re3 Qh7 35. Bxe6 Bxe6 36. Qxe6 Rh8 37. Bh4 Qg7 38. Qf6 Qg8 39. Rf1 Rh7 40.
e6 Re7 41. Qf4+ Kb7 42. Bxe7 Nxe7 43. Qf7 Qd8 44. Qxe7+ Qxe7 45. Rf7 1-0

[Event "NAYCC U12"]
[Site "Kingston CAN"]
[Date "2019.08.17"]
[Round "4.77"]
[White "Xie, Austin"]
[Black "Huang, Youhe"]
[Result "0-1"]
[WhiteElo "1872"]
[BlackElo "2167"]
[PlyCount "90"]
[EventDate "2019.08.16"]
[EventType "swiss"]
[EventRounds "9"]
[EventCountry "CAN"]

1. e4 Nf6 2. e5 Nd5 3. d4 d6 4. Nf3 Bg4 5. Be2 Nc6 6. exd6 cxd6 7. c4 Nb6 8. b3
g6 9. Bb2 Bg7 10. Nbd2 d5 11. O-O O-O 12. h3 Bf5 13. c5 Nd7 14. Rc1 Rc8 15. Re1
b6 16. cxb6 Qxb6 17. Nf1 Nb4 18. Ne3 Be4 19. a3 Nc6 20. b4 e6 21. Qa4 Ndb8 22.
b5 Bxf3 23. Bxf3 Nxd4 24. Rxc8 Rxc8 25. Bxd5 Qxb5 26. Qxb5 Nxb5 27. Bxg7 Kxg7
28. a4 Nc3 29. Bb3 Nc6 30. Ra1 Nd4 31. Bd1 Rc5 32. Kf1 f5 33. Ke1 f4 34. Nc2
Nb3 35. Ra3 Re5+ 36. Kf1 Nd2+ 37. Kg1 Nxd1 38. Rd3 Rd5 39. Nd4 Nc3 40. Rxc3
Rxd4 41. Rc7+ Kf6 42. Rxa7 h5 43. a5 Ra4 44. a6 Ra1+ 45. Kh2 Nf1+ 0-1

[Event "NAYCC U12"]
[Site "Kingston CAN"]
[Date "2019.08.17"]
[Round "4.78"]
[White "Xu, Jayden"]
[Black "Yan, Alex Jikai"]
[Result "0-1"]
[WhiteElo "1649"]
[BlackElo "1801"]
[PlyCount "116"]
[EventDate "2019.08.16"]
[EventType "swiss"]
[EventRounds "9"]
[EventCountry "CAN"]

1. d4 d5 2. c4 e6 3. Nc3 Nf6 4. Bg5 Be7 5. Nf3 h6 6. Bh4 O-O 7. e3 a6 8. Qc2
dxc4 9. Bxc4 b5 10. Bd3 Bb7 11. O-O Nd5 12. Nxd5 Bxd5 13. Bg3 Bd6 14. Rac1 Bxf3
15. gxf3 Nd7 16. e4 e5 17. dxe5 Nxe5 18. Bxe5 Bxe5 19. Rfd1 Qh4 20. Kf1 Bxh2
21. Ke2 Qf4 22. Rh1 Rad8 23. Qc5 Qe5 24. Qxe5 Bxe5 25. b3 Rd7 26. Bc2 Rfd8 27.
Rcd1 Rxd1 28. Rxd1 Rxd1 29. Bxd1 Kf8 30. Ke3 g5 31. Be2 Ke7 32. a4 c6 33. axb5
axb5 34. Bd1 Kd6 35. f4 Bxf4+ 36. Kd3 Be5 37. Bh5 f6 38. f3 c5 39. Be8 b4 40.
Bh5 Bd4 41. Ke2 Ke5 42. Kf1 Kf4 43. Kg2 c4 44. bxc4 b3 45. Bg6 b2 46. e5 fxe5
47. Be4 Ke3 48. Kg3 h5 49. Kh3 Kd2 50. Kg3 Kc1 51. Kh3 b1=Q 52. Bxb1 Kxb1 53.
Kg3 Kc2 54. Kg2 Kd3 55. Kg3 Kxc4 56. Kh3 Kd3 57. Kg2 g4 58. fxg4 hxg4 0-1

[Event "NAYCC U12"]
[Site "Kingston CAN"]
[Date "2019.08.17"]
[Round "4.79"]
[White "Tay, Brian"]
[Black "Chen, Richard"]
[Result "1-0"]
[WhiteElo "1923"]
[BlackElo "1831"]
[PlyCount "77"]
[EventDate "2019.08.16"]
[EventType "swiss"]
[EventRounds "9"]
[EventCountry "CAN"]

1. e4 e5 2. Nf3 Nf6 3. Bc4 Nxe4 4. Nc3 Nd6 5. Nxe5 Qe7 6. O-O Nxc4 7. Nxc4 d6
8. Re1 Be6 9. d4 c6 10. d5 cxd5 11. Nxd5 Qd7 12. Bf4 Nc6 13. Qf3 b5 14. Nce3
O-O-O 15. c4 b4 16. Nxb4 Nxb4 17. Qa8+ Kc7 18. Qxa7+ Kc8 19. Qa8+ Kc7 20. Qa5+
Kc8 21. Qxb4 h6 22. c5 g5 23. cxd6 Bxd6 24. Rac1+ Bc7 25. Bxc7 Qxc7 26. Rxc7+
Kxc7 27. Rc1+ Kd7 28. Rd1+ Kc7 29. Qa5+ Kc8 30. Qc5+ Kb7 31. Qb5+ Kc7 32. Rc1+
Kd6 33. Nf5+ Bxf5 34. Qxf5 Ke7 35. Rc7+ Kd6 36. Rxf7 Rhe8 37. Rf6+ Kc7 38. Qc5+
Kd7 39. Qc6+ 1-0

[Event "NAYCC U12"]
[Site "Kingston CAN"]
[Date "2019.08.17"]
[Round "4.80"]
[White "Li, Eric"]
[Black "He, Zekai"]
[Result "1-0"]
[WhiteElo "1337"]
[BlackElo "1318"]
[PlyCount "77"]
[EventDate "2019.08.16"]
[EventType "swiss"]
[EventRounds "9"]
[EventCountry "CAN"]

1. e4 c5 2. Nc3 Nc6 3. Bb5 e6 4. Bxc6 bxc6 5. f4 Nf6 6. Nf3 Be7 7. d3 O-O 8.
O-O d5 9. Qe1 Qc7 10. Kh1 d4 11. Ne2 Rd8 12. h3 a5 13. g4 Nd7 14. f5 exf5 15.
gxf5 f6 16. h4 Kh8 17. h5 Bf8 18. Nh4 Ne5 19. Rg1 Qf7 20. Nf4 c4 21. Qg3 Ra7
22. Qh3 cxd3 23. cxd3 a4 24. Nhg6+ Kg8 25. Nxf8 Qxf8 26. Bd2 Kh8 27. Rg3 Re8
28. Rag1 c5 29. Qh2 Ree7 30. h6 Rab7 31. Nd5 Red7 32. hxg7+ Rxg7 33. Bh6 Rxg3
34. Bxf8 Rxg1+ 35. Qxg1 Rf7 36. Bxc5 Nxd3 37. Bxd4 Ne5 38. Nxf6 Rg7 39. Qc1 1-0

[Event "NAYCC U12"]
[Site "Kingston CAN"]
[Date "2019.08.17"]
[Round "4.81"]
[White "Kou, Daniel"]
[Black "Navala, Anthony"]
[Result "1-0"]
[WhiteElo "1676"]
[BlackElo "1348"]
[PlyCount "109"]
[EventDate "2019.08.16"]
[EventType "swiss"]
[EventRounds "9"]
[EventCountry "CAN"]

1. e4 e6 2. d3 d5 3. Nd2 Nf6 4. g3 c5 5. Bg2 Nc6 6. Ngf3 Bd6 7. O-O O-O 8. Re1
Ne5 9. Nxe5 Bxe5 10. exd5 Bc7 11. dxe6 fxe6 12. Ne4 Nxe4 13. Bxe4 Qf6 14. Qe2
Be5 15. c3 Rb8 16. Be3 b6 17. Qg4 Bb7 18. Bxb7 Rxb7 19. f4 Bb8 20. a4 Re7 21.
a5 e5 22. fxe5 Rxe5 23. Rf1 Rf5 24. Rxf5 Qxf5 25. Qxf5 Rxf5 26. axb6 axb6 27.
Ra8 Rf8 28. Bf4 Bxf4 29. Rxf8+ Kxf8 30. gxf4 Ke7 31. Kf2 Ke6 32. Kf3 Kf5 33. b3
b5 34. b4 cxb4 35. cxb4 g6 36. h3 h6 37. d4 g5 38. fxg5 hxg5 39. Ke3 Kf6 40.
Ke4 Ke6 41. d5+ Kd6 42. Kd4 Kd7 43. Kc5 Kc7 44. Kxb5 Kd6 45. Kc4 Kc7 46. Kc5
Kd7 47. b5 Kc7 48. d6+ Kc8 49. Kc6 g4 50. hxg4 Kb8 51. d7 Ka7 52. b6+ Ka6 53.
b7 Ka7 54. d8=Q Ka6 55. Qb6# 1-0

[Event "NAYCC U12"]
[Site "Kingston CAN"]
[Date "2019.08.17"]
[Round "4.82"]
[White "Zhang, Chu Hang"]
[Black "Chen, Andrew"]
[Result "1-0"]
[WhiteElo "2101"]
[BlackElo "1444"]
[PlyCount "75"]
[EventDate "2019.08.16"]
[EventType "swiss"]
[EventRounds "9"]
[EventCountry "CAN"]

1. e4 c5 2. Nc3 e6 3. g3 b6 4. Bg2 Bb7 5. Nge2 d5 6. exd5 exd5 7. d4 Nf6 8. Bg5
Be7 9. dxc5 Bxc5 10. Bxf6 Qxf6 11. O-O O-O 12. Nxd5 Bxd5 13. Qxd5 Na6 14. Qd3
Nb4 15. Qc4 Rac8 16. Qb3 Qf5 17. c3 Nd3 18. Nd4 Bxd4 19. cxd4 Rfd8 20. d5 Nc5
21. Qa3 a5 22. b4 Qd3 23. Qb2 Na4 24. Qe5 axb4 25. Rfd1 Qc3 26. Qf4 Qc4 27. Rd4
Qc3 28. Rad1 Qc2 29. R4d2 Qc4 30. d6 Qxf4 31. gxf4 Nc3 32. Re1 g6 33. d7 Rb8
34. Bc6 Kg7 35. Rb2 b5 36. Re8 Na4 37. Rxb4 Nb6 38. Rxb5 1-0

[Event "NAYCC U12"]
[Site "Kingston CAN"]
[Date "2019.08.17"]
[Round "4.83"]
[White "Liu, Kevin"]
[Black "Galvez Villalva, Brian Emiliano"]
[Result "1/2-1/2"]
[WhiteElo "1796"]
[BlackElo "1455"]
[PlyCount "149"]
[EventDate "2019.08.16"]
[EventType "swiss"]
[EventRounds "9"]
[EventCountry "CAN"]

1. c4 f5 2. d4 Nf6 3. Nf3 e6 4. e3 b6 5. Bd3 Bb7 6. O-O c5 7. Nc3 d6 8. Qe2 Nc6
9. a3 g6 10. Rd1 Bg7 11. d5 exd5 12. cxd5 Ne7 13. Bb5+ Nd7 14. e4 O-O 15. Ng5
Rf6 16. Ne6 Qc8 17. Bg5 Rf7 18. Nxg7 Kxg7 19. Bxd7 Qxd7 20. e5 dxe5 21. Qxe5+
Kg8 22. Re1 Nc8 23. Qe6 Nd6 24. Bf4 Rd8 25. Rad1 Ne4 26. Nxe4 fxe4 27. Bg5 Bxd5
28. Qe5 Rf5 29. Qg3 Rdf8 30. Rd2 Kg7 31. Rxe4 R8f7 32. Rh4 h5 33. Rf4 Qe6 34.
Rd1 Re5 35. Qc3 Kg8 36. Rxf7 Kxf7 37. h4 Bc6 38. Qg3 Qf5 39. Rd6 Re6 40. Rxe6
Qxe6 41. Qc7+ Qd7 42. Qxd7+ Bxd7 43. Kf1 Bc6 44. g3 Ke6 45. Ke2 Ke5 46. Ke3 Kf5
47. Bh6 Be4 48. Bf4 a6 49. Bc7 b5 50. Bd6 c4 51. Bf4 Bc6 52. Bg5 Kg4 53. Bf4
Kh3 54. Kd2 Kg2 55. Be3 Kf3 56. Kc3 Bd5 57. Bd4 Ke4 58. Be3 a5 59. Bb6 a4 60.
Be3 Kf3 61. Bb6 Ke2 62. Be3 Kf3 63. Bb6 Ke4 64. Be3 Kf5 65. Bc1 Be4 66. Be3 Ke5
67. Bf4+ Kd5 68. Be3 Bd3 69. Ba7 Bb1 70. Be3 Bf5 71. Ba7 Ke4 72. Be3 Kf3 73.
Ba7 Kg4 74. Be3 Be4 75. Bc1 1/2-1/2

[Event "NAYCC U12"]
[Site "Kingston CAN"]
[Date "2019.08.17"]
[Round "4.85"]
[White "Adam, Rafael"]
[Black "Harish, Neeraj"]
[Result "0-1"]
[WhiteElo "1674"]
[BlackElo "1852"]
[PlyCount "238"]
[EventDate "2019.08.16"]
[EventType "swiss"]
[EventRounds "9"]
[EventCountry "CAN"]

1. d4 d5 2. c4 e6 3. Nc3 Be7 4. e3 Nf6 5. Nf3 O-O 6. Bd3 c5 7. O-O Nc6 8. b3 b6
9. Bb2 Bb7 10. Qd2 Nb4 11. cxd5 Nxd3 12. Qxd3 exd5 13. dxc5 bxc5 14. Rfd1 Rc8
15. Rac1 Qd7 16. Ne2 Rfd8 17. Ng3 h6 18. Ne5 Qe6 19. Qf5 Qxf5 20. Nxf5 Bf8 21.
Nf3 Ne4 22. Nd2 Nxd2 23. Rxd2 g6 24. Ng3 Bg7 25. Ba3 c4 26. bxc4 dxc4 27. Rxd8+
Rxd8 28. Rxc4 Rd2 29. h3 Rxa2 30. Ra4 Bf8 31. Rxa7 Bd5 32. Bxf8 Rxa7 33. Bxh6
Ra1+ 34. Kh2 Ra2 35. Kg1 Kh7 36. Bf4 f6 37. Bd6 Kg7 38. Bc5 Be6 39. Bd4 Bd5 40.
Bc3 Ra6 41. Bd4 Kf7 42. Ne2 Ra2 43. Ng3 Rc2 44. Ba7 Ke6 45. Bb6 f5 46. Bd8 Rd2
47. Bg5 Rd1+ 48. Kh2 Rb1 49. Bd8 Ra1 50. Bg5 Rd1 51. Bh4 Ba8 52. Bg5 Kf7 53.
Bh4 Kg7 54. Bg5 Bd5 55. Be7 Kh6 56. Bf8+ Kh7 57. Be7 Kg7 58. Bg5 Ba8 59. Be7
Rd7 60. Bg5 Kh7 61. Kg1 Kg8 62. Kh2 Rd2 63. Kg1 Kg7 64. Be7 Kf7 65. Bh4 Bb7 66.
Bg5 Kg7 67. Be7 Ra2 68. Bg5 Kh7 69. Be7 Kg7 70. Bg5 Bc8 71. Be7 Ra7 72. Bg5 Rd7
73. Kh2 Rd5 74. Kg1 Be6 75. Kh2 Kf7 76. Kg1 Ke8 77. Kh2 Kd7 78. Kg1 Kc6 79. Bf4
Kc5 80. Bg5 Kc4 81. Bf4 Kc3 82. Ne2+ Kc4 83. Ng3 Rd1+ 84. Kh2 Kd3 85. Bg5 Rb1
86. Bf4 Kc2 87. Bg5 Kd1 88. Bh4 Ke1 89. Kg1 Rb2 90. Nh1 Bd5 91. Ng3 g5 92. Bxg5
Rxf2 93. e4 Bxe4 94. Nxe4 fxe4 95. Bh4 e3 96. g4 Ke2 97. g5 Rf8 98. Kg2 Kd1 99.
Kg3 Rh8 100. g6 e2 101. Kg4 Rxh4+ 102. Kxh4 e1=Q+ 103. Kg4 Qe6+ 104. Kg5 Qxh3
105. Kf6 Qf3+ 106. Ke7 Qg4 107. Kf7 Qf5+ 108. Kg7 Ke2 109. Kh6 Qh3+ 110. Kg7
Ke3 111. Kf6 Kf4 112. g7 Qf5+ 113. Ke7 Qg6 114. Kf8 Qf6+ 115. Kg8 Kf5 116. Kh7
Qh4+ 117. Kg8 Kf6 118. Kf8 Qh6 119. Ke8 Qxg7 0-1

[Event "NAYCC U12"]
[Site "Kingston CAN"]
[Date "2019.08.17"]
[Round "4.87"]
[White "Wang, Derek"]
[Black "Fini, Thomas"]
[Result "0-1"]
[WhiteElo "1579"]
[BlackElo "1859"]
[PlyCount "76"]
[EventDate "2019.08.16"]
[EventType "swiss"]
[EventRounds "9"]
[EventCountry "CAN"]

1. Nf3 Nf6 2. d4 d5 3. Bf4 e6 4. c4 c5 5. e3 b6 6. Nc3 Bd6 7. Bg5 Be7 8. dxc5
bxc5 9. cxd5 Nxd5 10. Bb5+ Bd7 11. Nxd5 Bxg5 12. Bxd7+ Qxd7 13. Nxg5 exd5 14.
Qc2 h6 15. Nf3 Na6 16. O-O O-O 17. Rfd1 Rac8 18. Rac1 Nb4 19. Qb3 a5 20. Nd2 c4
21. Qa3 Nd3 22. Rb1 Qb5 23. e4 dxe4 24. Nxe4 Qf5 25. f3 Rfe8 26. Nf2 Nxf2 27.
Kxf2 Qc2+ 28. Kg3 Re2 29. Rg1 Qg6+ 30. Kh3 Qh5+ 31. Kg3 g5 32. h3 g4 33. hxg4
Qe5+ 34. Kh3 h5 35. gxh5 Qxh5+ 36. Kg3 Qg5+ 37. Kh3 Rc6 38. g4 Qf4 0-1